000 00863 a2200229 4500
020 _a0782141420
040 _aDLC
_bDLC
082 0 0 _a005.8
100 1 _aBrenton, Chris.
245 1 0 _aMastering network security
_cChris Brenton, Cameron Hunt.
250 _a2nd ed.
260 _aSan Francisco :
_bSybex,
_cc2003.
300 _axvi, 490 p. :
_bill. ;
_c23 cm.
500 _aIncludes index.
650 0 _aComputer security.
650 0 _aComputer networks
_xSecurity measures.
700 1 _aHunt, Cameron.
856 4 2 _3Contributor biographical information
_uhttp://www.loc.gov/catdir/enhancements/fy0613/2002108077-b.html
856 4 2 _3Publisher description
_uhttp://www.loc.gov/catdir/enhancements/fy0613/2002108077-d.html
856 4 2 _3Table of contents only
_uhttp://www.loc.gov/catdir/enhancements/fy0613/2002108077-t.html
942 _cBK
_k005.8 BRE
_2ddc
999 _c6676
_d6676